000 01084nam a2200289 i 4500
003 EG-GICUC
005 20260121101410.0
008 251201s2011 ua ||||fr|||| 000 0 ara d
040 _a EG-GICUC
_bara
_c EG-GICUC
_d EG-GICUC
_erda
041 _aara
082 0 4 _221
_a343.3
_bم ح . و
092 0 4 _221
099 _aLaw1 10 343.3 م ح . و 2011
100 0 _aمحمود كبيش
_eمؤلف.
245 1 2 _aالوجيز في شرح قانون الإجراءات الجنائية.
_nالجزء الثاني,
_pالمحاكمة و الطعن في الأحكام /
_cمحمود كبيش.
264 1 _aالقاهرة :
_bدار النهضة العربية،
_c2011.
300 _a199 صفحة ؛
_c24 سم
336 _2rda content
_atext
337 _2rda media
_aComputer
338 _2rda carrier
_aOnline Resource
546 _aالنص باللغة العربية
650 1 _a قانون الإجراءات الجنائية
_2qrmak
651 1 _2qrmak
856 4 0 _uhttps://fll.law.cu.edu.eg/fulltext/bks/B10-05669.pdf
905 _a5
_eHassnaa
942 _2ddc
_cBK
_e21
_n0
999 _c47567
_d47567